01159nam a2200313 a 4500001001200000003000800012006001900020007001500039008004100054010001700095020004000112040002100152035002000173050002500193082001800218100002600236245005700262260003300319300002500352490001700377504005300394533015200447650003400599650002200633655002900655710001700684830001800701856012600719ebr10015677CaPaEBRm u cr cn|||||||||980219s1998 nyua sb 001 0 eng  z 98013042  z0387984143 (hardcover : alk. paper) aCaPaEBRcCaPaEBR a(OCoLC)5485172414aQA329.7b.W66 1998eb04a515/.72422211 aWong, Man Wah,d1951-10aWeyl transformsh[electronic resource] /cM.W. Wong. aNew York :bSpringer,c1998. aviii, 158 p. :bill.1 aUniversitext aIncludes bibliographical references and indexes. aElectronic reproduction.bPalo Alto, Calif. :cebrary,d2013.nAvailable via World Wide Web.nAccess may be limited to ebrary affiliated libraries. 0aPseudodifferential operators. 0aFourier analysis. 7aElectronic books.2local2 aebrary, Inc. 0aUniversitext.40uhttp://site.ebrary.com/lib/rucke/Doc?id=10015677zAn electronic book accessible through the World Wide Web; click to view